000 00459nam a2200169Ia 4500
005 20250923144709.0
008 008 250917s9999 xx 000 0 eng d
037 _aTextual
040 _aDSWL
_beng
_cDSWL
041 _aeng
_2eng
084 _aYX,Z1, N57
_qDSWL
245 0 _aChild welfare services
_cby Children Bureau
260 _aNew York
_bChildren Bureau
300 _av,94p.
942 _cTEXL
_hYX,Z1, N57
999 _c1442186
_d1442186